000 00515cam a2200181 a 4500
001 000018615
003 DO-SdBNP
005 20250702101631.0
008 830505s1960 nyu 000 0 eng d
040 _aDO-SdBNP
_bspa
_cBNPHU
100 1 _aCurtiss, Ursula Reilly.
_940230
245 1 0 _aSo dies the dreamer /
_cUrsula Curtiss.
260 _aNew York :
_bDodd, Mead & Company,
_c1960.
300 _a189 p. ;
_c22 cm.
490 1 _aRed Badge Detective
910 _aCatalogación derivada / LC
942 _2ddc
_cLBS1
999 _c18135
_d18135